<?xml version="1.0" encoding="UTF-8"?>
<record
    xmlns:xsi="http://www.w3.org/2001/XMLSchema-instance"
    xsi:schemaLocation="http://www.loc.gov/MARC21/slim http://www.loc.gov/standards/marcxml/schema/MARC21slim.xsd"
    xmlns="http://www.loc.gov/MARC21/slim">

  <leader>01098nam a2200265 a 4500</leader>
  <controlfield tag="008">111021s2007    ag ||||f |||| 001 0 spa d</controlfield>
  <datafield tag="020" ind1=" " ind2=" ">
    <subfield code="a">9789876010252</subfield>
  </datafield>
  <datafield tag="041" ind1=" " ind2=" ">
    <subfield code="a">spa</subfield>
  </datafield>
  <datafield tag="092" ind1=" " ind2=" ">
    <subfield code="c">371.3</subfield>
    <subfield code="l">51</subfield>
    <subfield code="s">MEN</subfield>
  </datafield>
  <datafield tag="100" ind1="1" ind2=" ">
    <subfield code="a">Mena, Marta</subfield>
    <subfield code="e">Comp.</subfield>
    <subfield code="9">4161</subfield>
  </datafield>
  <datafield tag="245" ind1=" " ind2=" ">
    <subfield code="a">Construyendo la nueva agenda de la Educaci&#xF3;n a Distancia /</subfield>
    <subfield code="c">Marta Mena</subfield>
  </datafield>
  <datafield tag="250" ind1=" " ind2=" ">
    <subfield code="a">1a ed.</subfield>
  </datafield>
  <datafield tag="260" ind1=" " ind2=" ">
    <subfield code="a">Buenos Aires:</subfield>
    <subfield code="b">La Crujia;</subfield>
    <subfield code="c">2007.</subfield>
  </datafield>
  <datafield tag="300" ind1=" " ind2=" ">
    <subfield code="a">330 p.</subfield>
    <subfield code="c">22x16 cm.</subfield>
  </datafield>
  <datafield tag="500" ind1=" " ind2=" ">
    <subfield code="a">Mena, M. (2007). Construyendo la nueva agenda de la Educaci&#xF3;n a Distancia Marta Mena. (1a ed.). Buenos Aires : La Crujia.</subfield>
  </datafield>
  <datafield tag="590" ind1=" " ind2=" ">
    <subfield code="a">Donaci&#xF3;n S&#xE1;nchez, Susana. Mayo 2022</subfield>
  </datafield>
  <datafield tag="653" ind1=" " ind2=" ">
    <subfield code="a">Agenda actual de la educaci&#xF3;n a distancia</subfield>
  </datafield>
  <datafield tag="653" ind1=" " ind2=" ">
    <subfield code="a">Aseguramiento de la calidad de la Educaci&#xF3;n Superior a Distancia</subfield>
  </datafield>
  <datafield tag="653" ind1=" " ind2=" ">
    <subfield code="a">Procesos de acreditaci&#xF3;n en la Educaci&#xF3;n Virtual</subfield>
  </datafield>
  <datafield tag="653" ind1=" " ind2=" ">
    <subfield code="a">Tensi&#xF3;n Globalizacion-Contextualizaci&#xF3;n</subfield>
  </datafield>
  <datafield tag="653" ind1=" " ind2=" ">
    <subfield code="a">Imagen social de la Educaci&#xF3;n a Distancia</subfield>
  </datafield>
  <datafield tag="653" ind1=" " ind2=" ">
    <subfield code="a">Reconfiguraci&#xF3;n estructural de las instituciones de Educaci&#xF3;n a Distancia</subfield>
  </datafield>
  <datafield tag="653" ind1=" " ind2=" ">
    <subfield code="a">Nuevo modelos pedag&#xF3;gico</subfield>
  </datafield>
  <datafield tag="942" ind1=" " ind2=" ">
    <subfield code="2">ddc</subfield>
    <subfield code="c">BK</subfield>
  </datafield>
  <datafield tag="999" ind1=" " ind2=" ">
    <subfield code="c">3136</subfield>
    <subfield code="d">3136</subfield>
  </datafield>
  <datafield tag="952" ind1=" " ind2=" ">
    <subfield code="0">0</subfield>
    <subfield code="1">0</subfield>
    <subfield code="2">ddc</subfield>
    <subfield code="4">0</subfield>
    <subfield code="7">0</subfield>
    <subfield code="a">BFM</subfield>
    <subfield code="b">BFM</subfield>
    <subfield code="c">CR</subfield>
    <subfield code="d">2022-05-16</subfield>
    <subfield code="e">Donaci&#xF3;n S&#xE1;nchez, Susana. Mayo 2022</subfield>
    <subfield code="l">0</subfield>
    <subfield code="o">371.3 51 MEN</subfield>
    <subfield code="p">4772</subfield>
    <subfield code="r">2022-05-16</subfield>
    <subfield code="t">Ej. 1</subfield>
    <subfield code="w">2022-05-16</subfield>
    <subfield code="y">BK</subfield>
    <subfield code="z">Donaci&#xF3;n S&#xE1;nchez, Susana. Mayo 2022</subfield>
    <subfield code="f"></subfield>
  </datafield>
</record>
